| 000 | 00909cab a2200349 4500 | ||
|---|---|---|---|
| 001 | ABS43844 | ||
| 008 | 090401t1990 xxu||||| |||| 00| 0 eng d | ||
| 035 | _a(Sirsi) u43754 | ||
| 041 | _aeng | ||
| 100 | _aAyton, C. | ||
| 245 | _aGlobal guide to leasing markets | ||
| 260 | _c1990 | ||
| 350 | _a0 | ||
| 490 |
_aAsian Property _vDecember 1990, 36-49 (13) |
||
| 520 | _aA round-up of the office market in Asia n, Australia n and Canadian cities; prime rents , service charges , rates and rent-free periods are tabulated. | ||
| 650 | _aADELAIDE | ||
| 650 | _aBRISBANE | ||
| 650 | _aHONG KONG | ||
| 650 | _aJAKARTA | ||
| 650 | _aKUALA LUMPUR | ||
| 650 | _aMANILA | ||
| 650 | _aMELBOURNE | ||
| 650 | _aPERTH | ||
| 650 | _aSINGAPORE | ||
| 650 | _aSYDNEY | ||
| 650 | _aTOKYO | ||
| 650 | _aTORONTO | ||
| 650 | _aVANCOUVER | ||
| 690 | _aOVERSEAS | ||
| 942 | _n0 | ||
| 948 | _c04/03/1997 | ||
| 999 |
_c27886 _d27886 |
||